000 00447 a2200133 4500
001 ART_44818
005 20260410162024.0
008 260409a
245 1 0 _aTransferencias del sector público a la infancia y la vejez en el Uruguay, 1994-2006
100 1 _aBucheli, Marisa
700 1 _aGonzález, Cecilia
700 1 _aOlivieri, Cecilia
773 0 _tNotas de población
_g- Año XXXVII, Nº 90 (ene./jun. 2010)
_wREV41841
999 _c33377
_d33377